|
|
|
|
| LEADER |
00000cam a2200000 a 4500 |
| 001 |
UCC1610 |
| 003 |
CL-VaPUC |
| 008 |
171117e20130000us |||||||||||||||||eng|d |
| 020 |
|
|
|a 9781412983150
|
| 082 |
0 |
4 |
|a 401.41
|b KRI
|2 21
|
| 100 |
|
|
|a Krippendorff, Klaus
|e author
|9 595643
|
| 245 |
1 |
0 |
|a Content analysis: an introduction to its methodology
|
| 250 |
|
|
|a 3a. ed
|
| 300 |
|
|
|a 441 p
|
| 942 |
|
|
|c BK
|
| 945 |
|
|
|d 20171117 16:06:00
|a dcastane
|
| 260 |
|
|
|a Los Angeles
|b SAGE
|c 2013
|
| 650 |
|
0 |
|a Análisis de contenido
|9 318914
|
| 650 |
|
0 |
|a Análisis del discurso
|9 256696
|
| 583 |
|
|
|a last modification
|c 20171117 16:06:00
|k Rodrigo Vera
|
| 999 |
|
|
|c 370021
|d 370019
|